|
|
|
|
| LEADER |
01718nam a2200289 u 4500 |
| 001 |
10117698 |
| 003 |
GR-PaULI |
| 005 |
20250224104942.0 |
| 008 |
150929s1981 gr gre |
| 040 |
|
|
|a GR-PaULI
|c GR-PaULI
|b gre
|e AACR2
|
| 041 |
1 |
|
|a gre
|h fre
|
| 082 |
0 |
4 |
|a 949.6
|2 23
|
| 100 |
1 |
|
|9 146372
|a Μπακιρτζής, Ευριπίδης Χ.
|d 1895-1947
|4
|e συγγραφέας.
|
| 245 |
1 |
0 |
|a Ευριπίδης Μπακιρτζής :
|b μελέτες, λόγοι, σημειώσεις /
|c σχόλια, επιμέλεια Νίκος Μάργαρης /
|
| 260 |
|
|
|a Αθήνα :
|b Επικαιρότητα,
|c 1981.
|
| 300 |
|
|
|a 198 σ. :
|b εικ. ;
|c 22 εκ.
|
| 500 |
|
|
|a Οι μελέτες δημοσιεύτηκαν αρχικά στο περιοδικό "Affaires Danubiennes" μεταξύ 1939-1940.
|
| 600 |
1 |
4 |
|9 146372
|a Μπακιρτζής, Ευριπίδης Χ.
|d 1895-1947
|
| 651 |
|
4 |
|a Βαλκανική Χερσόνησος
|x Ιστορία
|9 6479
|
| 651 |
|
4 |
|a Βαλκανική Χερσόνησος
|x Στρατηγικές απόψεις
|9 146374
|
| 700 |
1 |
|
|a Μάργαρης, Νίκος
|d 1922-2004
|4
|9 146375
|e επιμελητής.
|
| 852 |
|
|
|a GR-PaULI
|b ΠΑΤΡΑ
|b ΒΚΠ
|b ΔΩΡ
|k ΑΣΧΕ
|h 949.6 ΜΠΑ
|m 126332
|p 025000244752
|t 1
|g ΒΑΛ
|
| 942 |
|
|
|2 ddc
|c BK
|
| 952 |
|
|
|0 0
|1 0
|2 ddc
|4 0
|6 949_600000000000000_ΜΠΑ
|7 0
|8 FIC
|9 184507
|a LISP
|b LISP
|c DON
|d 2016-04-24
|e ΒΑΛ
|i 126332
|l 0
|o 949.6 ΜΠΑ
|p 025000244752
|r 2016-04-24 00:00:00
|t 1
|w 2016-04-24
|y BK15
|
| 952 |
|
|
|0 0
|1 0
|2 ddc
|4 0
|6 949_600000000000000_ΜΠΑ
|7 0
|9 387885
|a LISP
|b LISP
|c DON
|d 2025-02-24
|e ΠΑΝ
|i 096163
|l 0
|o 949.6 ΜΠΑ
|p 025000166729
|r 2025-02-24 10:50:11
|t 2
|w 2025-02-24
|y BKN
|
| 998 |
|
|
|c ΓΚΟΓΚΟΥ
|d 2015-09
|
| 999 |
|
|
|c 113730
|d 113730
|